000 01132cam a2200253 4500
001 WB3710-35
008 000000n2001 000 0 eng u
035 _a(Sirsi) u111289
245 _aEC confirms £2.6bn regional aid
260 _c2001
490 _aRegeneration and Renewal
_v2 March 2001, 3
490 _aUrban Environment Today
_v(116) 1 March 2001, 3(2)
520 _aThe EC has announced £2.6bn of funding for deprived areas in Britain over the next 5 years. Nine regional development plans drawn up by government have also been approved. Regeneration experts have voiced concerns that this will be the last time UK renewal schemes receive adequate funding from Europe, due to the forthcoming enlargement of the EU. Includes a table detailing funding awarded to each region, and an estimate of new jobs this will create.
590 _aWB
650 _aEUROPE
650 _aOBJECTIVE 2 AREAS
650 _aDEPRIVED AREAS
650 _aUNEMPLOYMENT
650 _aFUNDING
650 _aPARTNERSHIP INVESTMENT PROGRAMME
650 _aREGIONAL DEVELOPMENT AGENCIES
690 _aREGENERATION
942 _n0
999 _c66314
_d66314